000 00601nam a2200193 4500
001 120226
003 ES-MaACL
005 20240228172248.0
007 t|
008 070214s1931 sp r ||||1| spa d
100 1 _aPirandello, Luigi.
_992338
245 1 3 _aEl difunto Matías Pascal
_b: (novela) /
_cLuigi Pirandello ; versión castellana de R. Cansinos-Assens.
250 _a2ª ed.
260 _aMadrid :
_bBiblioteca Nueva,
_c1931.
300 _a283 p. ;
_c19 cm.
700 1 _aCansinos Asséns, Rafael,
_d1882-1964
_934616
852 _aES-MaACL
_jA-528
_bR.10365
999 _c120226
_d120226